000 00544nam a2200229Ia 4500
003 OSt
005 20221005120945.0
006 a|||||r|||| 00| 0
007 ta
008 221004b |||||||| |||| 00| 0 eng d
024 _a57773
037 _cTextual
040 _aCRL
_cCRL
_beng
041 _2eng
_aeng
082 _aV2:2, E7
100 _aVyasa Rao K
_9629882
245 0 _aFuture government of India
260 _c1917
650 _aHISTORY
942 _hV2:2, E7
_cTEXL
_2cc
999 _c1039670
_d1039670